[Event "4NCL Division 2b"]
[Site "Daventry, ENG"]
[Date "2020.02.08"]
[Round "5.78"]
[White "Thatte, Nishchal"]
[Black "Mellor, Jessica"]
[Result "1/2-1/2"]
[WhiteElo "1832"]
[BlackElo "1633"]
[PlyCount "76"]
[EventDate "2020.02.08"]
[WhiteTeam "Kings Head"]
[BlackTeam "Guildford 3"]

1. e4 e5 2. Nf3 Nc6 3. d4 exd4 4. Nxd4 Nf6 5. Nxc6 bxc6 6. e5 Qe7 7. Qe2 Nd5 8.
c4 Ba6 9. Nd2 g6 10. Nf3 Nb6 11. b3 Bg7 12. Bg5 Qb4+ 13. Qd2 Qxd2+ 14. Kxd2 h6
15. Bh4 g5 16. Bg3 O-O-O 17. Kc2 f5 18. exf6 Bxf6 19. Rd1 c5 20. Bd3 d6 21.
Bf5+ Kb8 22. Nd2 Bc8 23. Bxc8 Kxc8 24. Ne4 Nd7 25. Nxf6 Nxf6 26. f3 Rde8 27.
Rhe1 Kd7 28. Be5 Rhf8 29. Bb2 Rxe1 30. Rxe1 Re8 31. Rxe8 Nxe8 32. Bc1 Ke6 33.
Be3 Ng7 34. Kd3 c6 35. a3 Nf5 36. Bf2 Ke5 37. b4 cxb4 38. axb4 a6 1/2-1/2

[Event "4NCL Division 2b"]
[Site "Daventry, ENG"]
[Date "2020.02.08"]
[Round "5.81"]
[White "Bin-Suhayl, Ieysaa"]
[Black "Munshi, Aditya"]
[Result "1-0"]
[WhiteElo "2237"]
[BlackElo "2144"]
[PlyCount "75"]
[EventDate "2020.02.08"]
[WhiteTeam "Manchester Manticores 1"]
[BlackTeam "Grantham Sharks 2"]

1. Nf3 d5 2. c4 d4 3. e3 Nc6 4. Nxd4 Nxd4 5. exd4 Qxd4 6. d3 Nh6 7. Nc3 c6 8.
Be3 Qd8 9. d4 Nf5 10. Qd2 g6 11. Be2 Bg7 12. Rd1 O-O 13. O-O Nxe3 14. Qxe3 Bf5
15. Bf3 Qb6 16. Na4 Qb4 17. b3 Rad8 18. Nc5 Rfe8 19. d5 cxd5 20. Bxd5 e6 21.
Bxb7 Bf8 22. Ne4 Qxb7 23. Nf6+ Kh8 24. g4 Bc2 25. Rc1 Rd3 26. Qe2 Red8 27. Rxc2
Bg7 28. Ne4 Qc7 29. c5 Qf4 30. Nd6 Rh3 31. f3 Bd4+ 32. Kh1 h5 33. Qe4 Qf6 34.
g5 Qg7 35. Kg2 Bxc5 36. Rxc5 Rxd6 37. Kxh3 Rd4 38. Qe5 1-0

[Event "4NCL Division 2b"]
[Site "Daventry, ENG"]
[Date "2020.02.08"]
[Round "5.82"]
[White "Purton, Ben J"]
[Black "Jayawarna, Nugith"]
[Result "1/2-1/2"]
[WhiteElo "2138"]
[BlackElo "2192"]
[PlyCount "64"]
[EventDate "2020.02.08"]
[WhiteTeam "Grantham Sharks 2"]
[BlackTeam "Manchester Manticores 1"]

1. e4 c5 2. Nf3 e6 3. c4 Nc6 4. Nc3 g6 5. d4 cxd4 6. Nxd4 Bg7 7. Ndb5 Nge7 8.
Nd6+ Kf8 9. f4 Qb6 10. e5 Nd4 11. Na4 Qc6 12. Qxd4 Qxa4 13. b3 Qc6 14. Ba3 Kg8
15. O-O-O Nf5 16. Nxc8 Rxc8 17. Qxd7 Bh6 18. Qxc6 Bxf4+ 19. Kb1 bxc6 20. Bb2
Kg7 21. g3 Bg5 22. Bd3 Rhd8 23. Be4 Kf8 24. Rxd8+ Bxd8 25. Rd1 Ke8 26. Rd3 Bg5
27. g4 Ne7 28. b4 Rd8 29. Rd6 Bf4 30. Rxd8+ Kxd8 31. h3 Kc7 32. Kc2 Nc8 1/2-1/2

[Event "4NCL Division 2b"]
[Site "Daventry, ENG"]
[Date "2020.02.08"]
[Round "5.83"]
[White "Jaunooby, Ali R"]
[Black "Murphy, Hugh W"]
[Result "1-0"]
[WhiteElo "2252"]
[BlackElo "2121"]
[PlyCount "57"]
[EventDate "2020.02.08"]
[WhiteTeam "Manchester Manticores 1"]
[BlackTeam "Grantham Sharks 2"]

1. d4 d5 2. c4 e6 3. Nc3 Nf6 4. Bg5 Be7 5. e3 O-O 6. Qc2 c5 7. dxc5 dxc4 8.
Bxc4 Na6 9. Nf3 Nxc5 10. O-O a6 11. Rfd1 Qc7 12. Bf4 Qb6 13. a3 Qa7 14. b4 Ncd7
15. Rac1 b5 16. Bd3 Bb7 17. Bxh7+ Kh8 18. Bd3 Rac8 19. Qe2 Nb6 20. Ng5 Nc4 21.
Bxc4 Rxc4 22. Rd7 Re8 23. Rcd1 Qa8 24. Na4 Bd5 25. Nb6 Qc6 26. Nxc4 bxc4 27.
Rc7 Qb5 28. e4 Bc6 29. e5 1-0

[Event "4NCL Division 2b"]
[Site "Daventry, ENG"]
[Date "2020.02.08"]
[Round "5.84"]
[White "Birtwistle, Nigel"]
[Black "Hamer, Martyn"]
[Result "1/2-1/2"]
[WhiteElo "2110"]
[BlackElo "2125"]
[PlyCount "48"]
[EventDate "2020.02.08"]
[WhiteTeam "Grantham Sharks 2"]
[BlackTeam "Manchester Manticores 1"]

1. Nf3 Nf6 2. g3 d5 3. c4 e6 4. Bg2 Be7 5. O-O O-O 6. b3 c5 7. cxd5 exd5 8. d4
Nc6 9. Bb2 Ne4 10. dxc5 Bxc5 11. e3 Bg4 12. Nc3 Nxc3 13. Bxc3 Qd7 14. Qd2 Rad8
15. Qb2 f6 16. b4 Bb6 17. b5 Na5 18. Bxa5 Bxa5 19. Qb3 Kh8 20. Nd4 Bb6 21. Rfc1
Bxd4 22. exd4 Be2 23. a4 Bc4 24. Qb4 b6 1/2-1/2

[Event "4NCL Division 2b"]
[Site "Daventry, ENG"]
[Date "2020.02.08"]
[Round "5.85"]
[White "Webster, Richard J"]
[Black "Varnam, Liam D"]
[Result "1/2-1/2"]
[WhiteElo "2027"]
[BlackElo "2076"]
[PlyCount "98"]
[EventDate "2020.02.08"]
[WhiteTeam "Manchester Manticores 1"]
[BlackTeam "Grantham Sharks 2"]

1. d4 d5 2. c4 dxc4 3. Nf3 Nf6 4. e3 e6 5. Bxc4 c5 6. O-O a6 7. dxc5 Bxc5 8.
Qxd8+ Kxd8 9. Nbd2 Nbd7 10. b3 b5 11. Be2 Bb7 12. Bb2 Ke7 13. Rfd1 Rhd8 14.
Rac1 Rac8 15. Ne1 e5 16. Nd3 Bd6 17. f3 Ke6 18. e4 Nc5 19. Nf2 Bb8 20. Kf1 g6
21. Nb1 Rxd1+ 22. Bxd1 b4 23. Nd2 Nfd7 24. Nc4 f5 25. exf5+ gxf5 26. a3 bxa3
27. Bxa3 Bc6 28. Ke1 Nb7 29. b4 Bd5 30. Be2 Ba7 31. Ne3 Rxc1+ 32. Bxc1 Bxe3 33.
Bxe3 a5 34. bxa5 Nxa5 35. Nh3 Kf6 36. Bg5+ Kg6 37. Bd3 Nc5 38. Bc2 Ne6 39. Bd2
Nc4 40. g4 Nd4 41. gxf5+ Kh5 42. Bd1 Bxf3 43. Bc1 Bxd1 44. Kxd1 Nxf5 45. Ke2 h6
46. Kd3 Ncd6 47. Nf2 Nh4 48. Bxh6 Kxh6 49. Ng4+ Kg5 1/2-1/2

[Event "4NCL Division 2b"]
[Site "Daventry, ENG"]
[Date "2020.02.08"]
[Round "5.86"]
[White "Cumbers, Paul"]
[Black "Lyth, John D"]
[Result "1/2-1/2"]
[WhiteElo "2087"]
[BlackElo "1997"]
[PlyCount "101"]
[EventDate "2020.02.08"]
[WhiteTeam "Grantham Sharks 2"]
[BlackTeam "Manchester Manticores 1"]

1. e4 e5 2. Bc4 Nc6 3. Nf3 Be7 4. O-O Nf6 5. d3 O-O 6. Re1 d6 7. a4 Kh8 8. h3
Ng8 9. Nc3 f5 10. Nd5 Bf6 11. b4 Nce7 12. Bb2 Nxd5 13. Bxd5 Ne7 14. Bb3 Qe8 15.
d4 fxe4 16. dxe5 dxe5 17. Nxe5 Nc6 18. f4 Nxe5 19. fxe5 Bxe5 20. Rxe4 Bh2+ 21.
Kxh2 Qxe4 22. Qd2 Bf5 23. Re1 Qc6 24. Re7 Rg8 25. Qd4 Qd6+ 26. Qxd6 cxd6 27.
Rxb7 Be4 28. Rd7 d5 29. Bxd5 Bxd5 30. Rxd5 Rgd8 31. Rxd8+ Rxd8 32. Be5 Rc8 33.
c3 a6 34. Kg3 Kg8 35. Kf3 Kf7 36. Ke4 Ke6 37. Bd4 g6 38. Bc5 Rc6 39. Kd4 Kd7
40. b5 axb5 41. axb5 Rf6 42. Kc4 h5 43. Bd4 Rf5 44. Be3 Re5 45. Kd4 Rxb5 46. h4
Rb2 47. g3 Rb5 48. Bf4 Rf5 49. Ke4 Rc5 50. Kd4 Rf5 51. Ke4 1/2-1/2

[Event "4NCL Division 2b"]
[Site "Daventry, ENG"]
[Date "2020.02.08"]
[Round "5.87"]
[White "Hymer, Barry"]
[Black "Milson, Samuel A"]
[Result "0-1"]
[WhiteElo "2027"]
[BlackElo "2115"]
[PlyCount "68"]
[EventDate "2020.02.08"]
[WhiteTeam "Manchester Manticores 1"]
[BlackTeam "Grantham Sharks 2"]

1. Nf3 Nf6 2. g3 d5 3. Bg2 e6 4. O-O Be7 5. d3 c5 6. Nbd2 Nc6 7. e4 b5 8. Re1
Bb7 9. e5 Nd7 10. Nf1 a5 11. h4 Qc7 12. Bf4 Nb6 13. Ne3 d4 14. Ng4 Nd5 15. Bg5
Bf8 16. h5 h6 17. Bh4 a4 18. Nd2 Nce7 19. Bxe7 Bxe7 20. Ne4 a3 21. Qc1 c4 22.
c3 cxd3 23. Nd6+ Bxd6 24. exd6 axb2 25. Qxb2 Qxc3 26. d7+ Ke7 27. Qxb5 Bc6 28.
Qb3 d2 29. Red1 Rhb8 30. Qxc3 dxc3 31. Ne5 Ba4 32. Be4 f6 33. Nc4 Bxd1 34. Rxd1
Rxa2 0-1

[Event "4NCL Division 2b"]
[Site "Daventry, ENG"]
[Date "2020.02.08"]
[Round "5.88"]
[White "McCarthy, Kevin C"]
[Black "Newton, Robert A"]
[Result "1/2-1/2"]
[WhiteElo "1997"]
[BlackElo "1960"]
[PlyCount "73"]
[EventDate "2020.02.08"]
[WhiteTeam "Grantham Sharks 2"]
[BlackTeam "Manchester Manticores 1"]

1. d4 c5 2. d5 g6 3. e4 Bg7 4. Nc3 a6 5. a4 d6 6. Nf3 Bg4 7. Be2 Nd7 8. O-O
Ngf6 9. h3 Bxf3 10. Bxf3 Rb8 11. Be2 O-O 12. f4 b5 13. axb5 axb5 14. Bf3 b4 15.
Ne2 Qc7 16. Be3 Ra8 17. c3 Rxa1 18. Qxa1 bxc3 19. bxc3 Nb6 20. Qa6 Nfd7 21. Rb1
Ra8 22. Qb5 Ra3 23. Rb3 Ra1+ 24. Kf2 h5 25. g4 hxg4 26. Bxg4 Bf6 27. Qc6 Bh4+
28. Kg2 Ra2 29. Qb5 Kg7 30. Kf3 Ra1 31. Nd4 cxd4 32. Bxd4+ Bf6 33. Bxb6 Nxb6
34. Qxb6 Qc4 35. Qb5 Rf1+ 36. Kg3 Qxb5 37. Rxb5 1/2-1/2

[Event "4NCL Division 2b"]
[Site "Daventry, ENG"]
[Date "2020.02.09"]
[Round "6.51"]
[White "Mihov, Filip"]
[Black "Stoyanov, Viktor"]
[Result "1/2-1/2"]
[WhiteElo "2213"]
[BlackElo "2234"]
[PlyCount "122"]
[EventDate "2020.02.09"]
[WhiteTeam "Oxford 1"]
[BlackTeam "Guildford 3"]

1. c4 c5 2. Nc3 Nc6 3. g3 g6 4. Bg2 Bg7 5. a3 b6 6. b4 Bb7 7. b5 Na5 8. Bxb7
Nxb7 9. Bb2 e6 10. Qc2 Nf6 11. Ne4 O-O 12. Nf3 Nxe4 13. Bxg7 Kxg7 14. Qxe4 d5
15. Qe5+ Qf6 16. cxd5 exd5 17. d4 Qxe5 18. Nxe5 Rfe8 19. Rd1 a6 20. Nd7 axb5
21. Nxb6 Rxa3 22. dxc5 Nxc5 23. Nxd5 Ra2 24. O-O Raxe2 25. Rb1 Rd8 26. Nc3 Rc2
27. Nxb5 Ne4 28. Rbc1 Rxc1 29. Rxc1 Rd2 30. Rf1 Rd5 31. Rb1 Rd2 32. Rf1 g5 33.
f3 Nc5 34. Rf2 Rd1+ 35. Kg2 Ne6 36. Ra2 h5 37. Nc3 Rd3 38. Ne4 Rd4 39. Rd2 Kg6
40. Rxd4 Nxd4 41. g4 f5 42. gxf5+ Kxf5 43. Ng3+ Kg6 44. Kf2 h4 45. Ne4 Kf5 46.
Ke3 Nc2+ 47. Kd3 Na3 48. Ke3 Nc4+ 49. Kd4 Ne5 50. Ke3 g4 51. fxg4+ Nxg4+ 52.
Kf3 Nxh2+ 53. Kg2 Kxe4 54. Kxh2 Kf4 55. Kh3 Kg5 56. Kh2 Kg4 57. Kg2 h3+ 58. Kh2
Kh4 59. Kh1 Kg3 60. Kg1 h2+ 61. Kh1 Kh3 1/2-1/2

[Event "4NCL Division 2b"]
[Site "Daventry, ENG"]
[Date "2020.02.09"]
[Round "6.52"]
[White "Kalaiyalahan, Akshaya"]
[Black "Gerlagh, Joris"]
[Result "1/2-1/2"]
[WhiteElo "2222"]
[BlackElo "2265"]
[PlyCount "76"]
[EventDate "2020.02.09"]
[WhiteTeam "Guildford 3"]
[BlackTeam "Oxford 1"]

1. Nf3 b6 2. g3 Bb7 3. Bg2 c5 4. c4 Nf6 5. O-O e6 6. Nc3 d5 7. cxd5 Nxd5 8.
Nxd5 Qxd5 9. d4 Be7 10. dxc5 Qxd1 11. Rxd1 Bxc5 12. Ne5 Bxg2 13. Kxg2 Na6 14.
a3 f6 15. Nc4 Rc8 16. Be3 Ke7 17. Rac1 Bxe3 18. Nxe3 Rxc1 19. Rxc1 Rd8 20. Rc2
Nc5 21. Kf1 Rd7 22. Ke1 Ne4 23. f3 Nd6 24. Rd2 Rc7 25. Rc2 Rxc2 26. Nxc2 Nc4
27. b3 Na5 28. Na1 Nc6 29. Nc2 Na5 30. Na1 Kd6 31. Kd2 Nc6 32. Nc2 g6 33. Kc3
e5 34. e4 a6 35. b4 Na7 36. Kd3 Nb5 37. Kc4 Kc6 38. Kd3 Nc7 1/2-1/2

[Event "4NCL Division 2b"]
[Site "Daventry, ENG"]
[Date "2020.02.09"]
[Round "6.53"]
[White "McKenna, Jason P"]
[Black "Osborne, Marcus E"]
[Result "0-1"]
[WhiteElo "2092"]
[BlackElo "2128"]
[PlyCount "92"]
[EventDate "2020.02.09"]
[WhiteTeam "Oxford 1"]
[BlackTeam "Guildford 3"]

1. e4 e6 2. d4 d5 3. Nc3 Bb4 4. e5 Qd7 5. a3 Bxc3+ 6. bxc3 b6 7. Nf3 Ba6 8.
Bxa6 Nxa6 9. Qd3 Nb8 10. O-O Nc6 11. Be3 Na5 12. Nd2 Qc6 13. f4 Ne7 14. Bf2 Kd7
15. Nf3 Raf8 16. g4 h5 17. h3 hxg4 18. hxg4 Nc4 19. Bg3 f5 20. exf6 gxf6 21.
Kf2 Nd6 22. Nd2 Rfg8 23. Rae1 Ne4+ 24. Nxe4 dxe4 25. Qxe4 Qxe4 26. Rxe4 Rxg4
27. Kf3 f5 28. Re3 Nd5 29. Rd3 Rh3 30. Kg2 Rhxg3+ 31. Rxg3 Ne3+ 32. Kf2 Rxg3
33. Rh1 Rg2+ 34. Kxe3 Rxc2 35. Kd3 Ra2 36. Rh7+ Kd6 37. Rh8 Rxa3 38. Rd8+ Ke7
39. Rc8 Kd7 40. Rh8 Ra1 41. Rh7+ Kd6 42. Rh8 Rf1 43. Ke3 a5 44. Rd8+ Ke7 45.
Rc8 Kd7 46. Ra8 Re1+ 0-1

[Event "4NCL Division 2b"]
[Site "Daventry, ENG"]
[Date "2020.02.09"]
[Round "6.54"]
[White "Price, Gwilym"]
[Black "Moyse, Nigel John"]
[Result "1/2-1/2"]
[WhiteElo "2110"]
[BlackElo "2038"]
[PlyCount "46"]
[EventDate "2020.02.09"]
[WhiteTeam "Guildford 3"]
[BlackTeam "Oxford 1"]

1. e4 d6 2. d4 Nf6 3. Nc3 g6 4. f4 Bg7 5. Nf3 c5 6. dxc5 Qa5 7. Qd4 Nc6 8. Bb5
dxc5 9. Qa4 Qxa4 10. Bxa4 Bd7 11. e5 Ng4 12. h3 Nh6 13. Be3 b6 14. g4 Rc8 15.
O-O-O Be6 16. Ng5 Bc4 17. Nge4 O-O 18. Bxc6 Rxc6 19. Rd7 Re8 20. Rhd1 a6 21.
Rd8 Kf8 22. Bf2 Be6 23. Ng5 f6 1/2-1/2

[Event "4NCL Division 2b"]
[Site "Daventry, ENG"]
[Date "2020.02.09"]
[Round "6.55"]
[White "Hayward, Philip"]
[Black "Punnett, Alan K"]
[Result "1-0"]
[WhiteElo "2080"]
[BlackElo "2011"]
[PlyCount "57"]
[EventDate "2020.02.09"]
[WhiteTeam "Oxford 1"]
[BlackTeam "Guildford 3"]

1. c4 e5 2. g3 Nf6 3. Bg2 d5 4. cxd5 Nxd5 5. Nf3 Nc6 6. O-O Be7 7. d4 exd4 8.
Nxd4 Nxd4 9. Qxd4 Nf6 10. Qa4+ c6 11. Rd1 Qb6 12. Be3 Bc5 13. Bxc5 Qxc5 14. Nc3
O-O 15. Rac1 Qe7 16. b4 Be6 17. b5 c5 18. Qa3 a6 19. b6 Rac8 20. Na4 Bf5 21.
Nxc5 Be4 22. Qe3 Rce8 23. Bxe4 Nxe4 24. Nd7 h6 25. f3 Qg5 26. Qxg5 Nxg5 27. Kf1
g6 28. Nxf8 Kxf8 29. Rc7 1-0

[Event "4NCL Division 2b"]
[Site "Daventry, ENG"]
[Date "2020.02.09"]
[Round "6.56"]
[White "Shepley, Julien M"]
[Black "Alizada, Eldar"]
[Result "1/2-1/2"]
[WhiteElo "1914"]
[BlackElo "2057"]
[PlyCount "80"]
[EventDate "2020.02.09"]
[WhiteTeam "Guildford 3"]
[BlackTeam "Oxford 1"]

1. e4 e6 2. d4 d5 3. Nd2 dxe4 4. Nxe4 Nd7 5. Nf3 Ngf6 6. Nxf6+ Nxf6 7. Bd3 c5
8. dxc5 Bxc5 9. O-O O-O 10. Qe2 b6 11. Bg5 Bb7 12. Rad1 Qc7 13. Bxf6 gxf6 14.
Be4 Rfd8 15. Bxb7 Qxb7 16. Qc4 Be7 17. Qg4+ Kh8 18. Rxd8+ Rxd8 19. Re1 Qd5 20.
b3 Bc5 21. Qe4 Qxe4 22. Rxe4 f5 23. Re2 Bb4 24. g3 Kg7 25. a4 Kf6 26. Kg2 Rd5
27. Ne1 Rd2 28. Kf3 e5 29. Rxd2 Bxd2 30. Ng2 e4+ 31. Ke2 Bb4 32. h3 Ke5 33. f4+
Ke6 34. g4 fxg4 35. hxg4 f5 36. g5 Bf8 37. Ke3 Bc5+ 38. Ke2 Bf8 39. Ke3 Bc5+
40. Ke2 Bf8 1/2-1/2

[Event "4NCL Division 2b"]
[Site "Daventry, ENG"]
[Date "2020.02.09"]
[Round "6.57"]
[White "Nataraj, Nakul"]
[Black "Stimpson, Philip M"]
[Result "1-0"]
[WhiteElo "2095"]
[BlackElo "1941"]
[PlyCount "53"]
[EventDate "2020.02.09"]
[WhiteTeam "Oxford 1"]
[BlackTeam "Guildford 3"]

1. e4 d5 2. exd5 Qxd5 3. Nc3 Qd8 4. d4 Nf6 5. Nf3 g6 6. Bf4 Bg7 7. Qd2 O-O 8.
h3 Nc6 9. g4 e6 10. Bg2 Ne7 11. Bh6 Bd7 12. Ne5 Bc6 13. Nxc6 Nxc6 14. Bxg7 Kxg7
15. Bxc6 bxc6 16. O-O-O Rb8 17. h4 Qd6 18. h5 Qb4 19. b3 Nd5 20. hxg6 Qa3+ 21.
Kb1 Nxc3+ 22. Qxc3 hxg6 23. d5+ f6 24. dxe6 Rfd8 25. Qh3 Rxd1+ 26. Rxd1 Re8 27.
Rh1 1-0

[Event "4NCL Division 2b"]
[Site "Daventry, ENG"]
[Date "2020.02.09"]
[Round "6.58"]
[White "Mellor, Jessica"]
[Black "Dickinson, Tim R"]
[Result "1/2-1/2"]
[WhiteElo "1633"]
[BlackElo "2053"]
[PlyCount "90"]
[EventDate "2020.02.09"]
[WhiteTeam "Guildford 3"]
[BlackTeam "Oxford 1"]

1. e4 c6 2. d4 d5 3. Nc3 dxe4 4. Nxe4 Nd7 5. Nf3 Ngf6 6. Nxf6+ Nxf6 7. Bd3 Bg4
8. c3 e6 9. h3 Bh5 10. Qe2 Qd5 11. Bd2 Bxf3 12. Qxf3 Qxf3 13. gxf3 Bd6 14.
O-O-O O-O-O 15. Bg5 Rdg8 16. Bxf6 gxf6 17. Rdg1 f5 18. Kc2 Rg6 19. Rxg6 hxg6
20. Bf1 c5 21. Bg2 cxd4 22. cxd4 Bf4 23. Rd1 Kd7 24. b3 Rc8+ 25. Kb2 Kd6 26.
Bf1 Bg5 27. Bc4 Bf6 28. Kb1 Rh8 29. Bf1 Rh4 30. Kc2 Rxd4 31. Rxd4+ Bxd4 32. Bc4
Ke5 33. Kd3 Bxf2 34. Ke2 Bc5 35. Kf1 Ba3 36. Bb5 a6 37. Be8 Kf6 38. Bd7 b5 39.
Bc8 a5 40. Bd7 b4 41. Ke2 g5 42. Ke3 Bb2 43. Be8 Ke7 44. Bc6 Kd6 45. Be8 Ke7
1/2-1/2

[Event "4NCL Division 2b"]
[Site "Daventry, ENG"]
[Date "2020.02.09"]
[Round "6.61"]
[White "Tan, Zhongyi"]
[Black "Brozel, Sacha"]
[Result "1-0"]
[WhiteElo "2493"]
[BlackElo "2357"]
[PlyCount "69"]
[EventDate "2020.02.09"]
[WhiteTeam "Kings Head"]
[BlackTeam "Barnet Knights 1"]

1. d4 e6 2. Nf3 Nf6 3. g3 b5 4. Bg2 d5 5. O-O Be7 6. a4 b4 7. c4 bxc3 8. bxc3
a5 9. c4 c6 10. Nbd2 O-O 11. Bb2 Ba6 12. c5 Qc7 13. Bc3 Nbd7 14. Nb3 Bc4 15.
Nfd2 Bxb3 16. Nxb3 Rfb8 17. Rb1 Bd8 18. Qd3 Qa7 19. Rb2 Qa6 20. Qxa6 Rxa6 21.
Rfb1 Ra7 22. Nc1 Rxb2 23. Rxb2 Be7 24. Nd3 Kf8 25. f3 Ke8 26. e4 Kd8 27. e5 Ne8
28. Nf4 Kc8 29. Bf1 Nb8 30. Bd3 Kc7 31. Bd2 Bd8 32. Nh3 f6 33. f4 Rb7 34. Rxb7+
Kxb7 35. Kf2 1-0

[Event "4NCL Division 2b"]
[Site "Daventry, ENG"]
[Date "2020.02.09"]
[Round "6.62"]
[White "Villiers, Thomas"]
[Black "Kwiatkowski, Feliks J"]
[Result "1/2-1/2"]
[WhiteElo "2252"]
[BlackElo "2216"]
[PlyCount "106"]
[EventDate "2020.02.09"]
[WhiteTeam "Barnet Knights 1"]
[BlackTeam "Kings Head"]

1. e4 c5 2. Nf3 Nc6 3. d4 cxd4 4. Nxd4 Nf6 5. Nc3 e5 6. Ndb5 d6 7. a4 a6 8. Na3
Bg4 9. f3 Be6 10. Be3 d5 11. exd5 Nxd5 12. Nxd5 Bxd5 13. Nc4 Bxc4 14. Qxd8+
Rxd8 15. Bxc4 Nb4 16. Bb3 Nd5 17. Bf2 Bb4+ 18. Kf1 O-O 19. c3 Be7 20. g3 Nf6
21. Ke2 Rd7 22. Rad1 Rc8 23. Rxd7 Nxd7 24. Bd5 Rc7 25. Rd1 Kf8 26. a5 Bc5 27.
Be1 Ke7 28. b4 Ba7 29. c4 Nf6 30. c5 Nxd5 31. Rxd5 f6 32. Kd3 Rc6 33. Kc4 Bb8
34. b5 axb5+ 35. Kxb5 Bc7 36. Rd1 Ke6 37. Ra1 Ra6 38. Rc1 Rc6 39. Kc4 Ra6 40.
Rb1 Ra7 41. Bf2 Rxa5 42. Rxb7 Kd7 43. Kd5 Ra2 44. c6+ Kc8 45. Bb6 Bxb6 46. Rxb6
Rxh2 47. Rb7 Rf2 48. Ke4 Rc2 49. Rxg7 Rxc6 50. Rxh7 Kd8 51. Rg7 Ke8 52. Kf5 Kf8
53. Rg6 Kf7 1/2-1/2

[Event "4NCL Division 2b"]
[Site "Daventry, ENG"]
[Date "2020.02.09"]
[Round "6.63"]
[White "Tukpetov, Evgeny"]
[Black "Rocco, Federico"]
[Result "0-1"]
[WhiteElo "2195"]
[BlackElo "2275"]
[PlyCount "76"]
[EventDate "2020.02.09"]
[WhiteTeam "Kings Head"]
[BlackTeam "Barnet Knights 1"]

1. e4 c5 2. b3 Nc6 3. Bb2 d6 4. f4 e5 5. Nf3 exf4 6. Bc4 Be6 7. O-O Nf6 8. e5
Bxc4 9. bxc4 dxe5 10. Nxe5 Nxe5 11. Bxe5 Bd6 12. Bxf4 Bxf4 13. Qe2+ Kf8 14.
Rxf4 Qd6 15. Qf2 Rd8 16. d3 Qe5 17. c3 Rxd3 18. Nd2 Qe3 19. Rd1 Qxf2+ 20. Kxf2
h5 21. Ke2 Rd6 22. Rb1 b6 23. Nf1 Ke7 24. Ne3 Re8 25. Rd1 Rxd1 26. Kxd1 Rd8+
27. Ke2 g6 28. a4 Ke6 29. h3 Ke5 30. Rf1 Rd7 31. Rf3 Rd6 32. Rf1 Ke4 33. Nd1 a5
34. Rf3 g5 35. Nf2+ Ke5 36. g4 Ke6 37. Rf5 hxg4 38. hxg4 Nxg4 0-1

[Event "4NCL Division 2b"]
[Site "Daventry, ENG"]
[Date "2020.02.09"]
[Round "6.64"]
[White "Smith, Andrew Philip"]
[Black "McMichael, Richard J"]
[Result "0-1"]
[WhiteElo "2260"]
[BlackElo "2170"]
[PlyCount "118"]
[EventDate "2020.02.09"]
[WhiteTeam "Barnet Knights 1"]
[BlackTeam "Kings Head"]

1. e4 e6 2. d4 d5 3. e5 Bd7 4. c3 a6 5. Bd3 c5 6. Ne2 Bb5 7. Bxb5+ axb5 8. dxc5
Bxc5 9. Nd2 b4 10. cxb4 Bxb4 11. O-O Nc6 12. Nf3 Nge7 13. Qb3 O-O 14. a3 Ng6
15. Nf4 Be7 16. Nxg6 fxg6 17. Qxb7 Na5 18. Qb5 Qc7 19. Qe2 Nb3 20. Rb1 Ra4 21.
Qb5 Nc5 22. b4 Rb8 23. Qe2 Ne4 24. Bb2 Qd7 25. Rbc1 Bd8 26. Rfd1 Ra7 27. Qe3
Qa4 28. Rd3 Rf7 29. Bd4 Qb5 30. Rdd1 Ra8 31. Qd3 Qa4 32. Ra1 Rc7 33. h3 Rc4 34.
Nd2 Nxd2 35. Rxd2 Rac8 36. Rdd1 Be7 37. Rdb1 R8c7 38. g3 Bg5 39. Bc5 Be7 40.
Bd4 h5 41. h4 Kh7 42. Qd1 Qa8 43. b5 Qa5 44. b6 Rb7 45. a4 Bd8 46. Be3 Bxb6 47.
Rb5 Qa6 48. Qb3 Bxe3 49. Rxb7 Bd4 50. Re1 Rxa4 51. Re7 Ra3 52. Rxe6 Qa5 53. Qb1
Rxg3+ 54. Kf1 Qd2 55. Re2 Qf4 56. Ra2 Qf3 57. Qc2 Qg2+ 58. Ke1 Qg1+ 59. Kd2
Qxf2+ 0-1

[Event "4NCL Division 2b"]
[Site "Daventry, ENG"]
[Date "2020.02.09"]
[Round "6.65"]
[White "Okike, David"]
[Black "Ethelontis, Alexandros N"]
[Result "1-0"]
[WhiteElo "2170"]
[BlackElo "2155"]
[PlyCount "63"]
[EventDate "2020.02.09"]
[WhiteTeam "Kings Head"]
[BlackTeam "Barnet Knights 1"]

1. e4 e6 2. d4 d5 3. Nc3 Bb4 4. e5 c5 5. a3 Bxc3+ 6. bxc3 Ne7 7. Qg4 Kf8 8. Qd1
Qa5 9. Bd2 Qa4 10. Nf3 b6 11. h4 h6 12. h5 Ba6 13. Bxa6 Nxa6 14. Rh4 c4 15. Rf4
Ke8 16. Nh4 Rd8 17. Qf3 Rf8 18. Kd1 Nb8 19. Qg3 Rg8 20. Rg4 Kd7 21. Rxg7 Rdf8
22. Bxh6 Nbc6 23. Bd2 b5 24. h6 b4 25. Rxg8 Rxg8 26. Qxg8 Nxg8 27. h7 b3 28.
hxg8=Q b2 29. Qxf7+ Ne7 30. Rb1 Qxa3 31. Rxb2 Qxb2 32. Nf5 1-0

[Event "4NCL Division 2b"]
[Site "Daventry, ENG"]
[Date "2020.02.09"]
[Round "6.66"]
[White "Willmoth, Robert F"]
[Black "Gilfillan, Andrew"]
[Result "1-0"]
[WhiteElo "2207"]
[BlackElo "2002"]
[PlyCount "59"]
[EventDate "2020.02.09"]
[WhiteTeam "Barnet Knights 1"]
[BlackTeam "Kings Head"]

1. Nf3 Nf6 2. e3 c5 3. b3 g6 4. Bb2 Bg7 5. Be2 O-O 6. O-O d6 7. d4 cxd4 8. exd4
a5 9. c4 Bd7 10. Nc3 Na6 11. Rc1 Qb6 12. a4 Bh6 13. Ra1 Nb4 14. Nb5 Bf5 15. Ne1
d5 16. Nd3 Na6 17. Re1 Rac8 18. Ba3 Rfe8 19. Ne5 Ne4 20. Bd3 Qf6 21. Ra2 Nb4
22. Bxb4 axb4 23. Rae2 Qh4 24. f3 Nf6 25. Bxf5 gxf5 26. c5 Nh5 27. Nd3 Rc6 28.
g3 Rg6 29. Rg2 Qh3 30. Nf2 1-0

[Event "4NCL Division 2b"]
[Site "Daventry, ENG"]
[Date "2020.02.09"]
[Round "6.67"]
[White "Xu, Ming Wei"]
[Black "Pollack, Oscar"]
[Result "0-1"]
[WhiteElo "2000"]
[BlackElo "2207"]
[PlyCount "164"]
[EventDate "2020.02.09"]
[WhiteTeam "Kings Head"]
[BlackTeam "Barnet Knights 1"]

1. e4 e6 2. d4 d5 3. Nd2 Nc6 4. c3 e5 5. dxe5 Nxe5 6. Ngf3 Ng6 7. exd5 Qxd5 8.
Bc4 Qf5 9. O-O Bc5 10. Ne4 N8e7 11. Neg5 O-O 12. Nxf7 Be6 13. Bxe6 Qxe6 14.
N7g5 Qc4 15. Qb3 Qxb3 16. axb3 Bb6 17. Bd2 h6 18. Ne4 Nd5 19. c4 Nf6 20. Nxf6+
Rxf6 21. Bc3 Re6 22. Rad1 Nf4 23. Kh1 Rae8 24. Bd4 Ba5 25. Be3 Rf8 26. g3 Ng6
27. Kg2 Ref6 28. Nd4 Ne5 29. h3 Bb6 30. Bf4 Ng6 31. Be3 c6 32. Rfe1 a6 33. f4
Ba5 34. Re2 Re8 35. Bf2 Rd8 36. Ra1 Bb4 37. Nc2 Bd6 38. Rd1 Rdf8 39. Red2 Bb8
40. Rd8 Kh7 41. Bc5 Rxd8 42. Rxd8 Bxf4 43. gxf4 Nxf4+ 44. Kg3 Ne6 45. Be7 Nxd8
46. Bxd8 Rd6 47. Ba5 Rd3+ 48. Kg4 Kg6 49. Bc3 h5+ 50. Kf4 Rxh3 51. Nd4 Kf7 52.
Nf5 b5 53. c5 b4 54. Bxb4 Rxb3 55. Bc3 Rb8 56. Bxg7 Ke6 57. Ke4 Rb4+ 58. Bd4
Kf7 59. Ke5 a5 60. Kd6 h4 61. Kxc6 h3 62. Kd5 h2 63. Ng3 Ke7 64. Nf5+ Kd8 65.
Ng3 Rb3 66. Bc3 a4 67. Kc4 Rb7 68. Nh1 a3 69. b4 Rf7 70. Be5 Rf1 71. Bxh2 Rxh1
72. Be5 a2 73. Kb5 a1=Q 74. Bxa1 Rxa1 75. Kb6 Kc8 76. b5 Rh1 77. Ka7 Kc7 78.
b6+ Kc6 79. b7 Ra1+ 80. Kb8 Rb1 81. Ka8 Kc7 82. c6 Ra1# 0-1

[Event "4NCL Division 2b"]
[Site "Daventry, ENG"]
[Date "2020.02.09"]
[Round "6.68"]
[White "Eden, Tomer"]
[Black "Thatte, Nishchal"]
[Result "1/2-1/2"]
[WhiteElo "2170"]
[BlackElo "1832"]
[PlyCount "36"]
[EventDate "2020.02.09"]
[WhiteTeam "Barnet Knights 1"]
[BlackTeam "Kings Head"]

1. b3 Nf6 2. Bb2 b6 3. Nf3 Bb7 4. e3 e6 5. Be2 Be7 6. O-O O-O 7. c4 d5 8. Nc3
c5 9. cxd5 Nxd5 10. d4 Bf6 11. Rc1 Nd7 12. Ne4 Be7 13. dxc5 Nxc5 14. Qd4 Nf6
15. Nxc5 Bxc5 16. Qh4 Qe7 17. Qg3 Rac8 18. Rfd1 Rfd8 1/2-1/2

[Event "4NCL Division 2b"]
[Site "Daventry, ENG"]
[Date "2020.02.09"]
[Round "6.71"]
[White "Anilkumar, Anantha P P"]
[Black "Bin-Suhayl, Ieysaa"]
[Result "0-1"]
[WhiteElo "1276"]
[BlackElo "2237"]
[PlyCount "68"]
[EventDate "2020.02.09"]
[WhiteTeam "KJCA Kings"]
[BlackTeam "Manchester Manticores 1"]

1. c4 Nf6 2. Nc3 c5 3. e3 g6 4. g3 Bg7 5. Bg2 Nc6 6. Nge2 d6 7. a3 O-O 8. Nf4
Bg4 9. f3 Bd7 10. Qe2 a6 11. g4 e5 12. Nfd5 Nxd5 13. cxd5 Ne7 14. e4 f5 15. h3
fxe4 16. Qxe4 b5 17. h4 b4 18. Ne2 Bb5 19. Ng3 Rf4 20. Qc2 Nxd5 21. h5 Rc4 22.
Qb1 Nf4 23. Bf1 b3 24. hxg6 hxg6 25. Bd3 Rxc1+ 26. Qxc1 Nxd3+ 27. Kd1 Nxc1 28.
Rxc1 e4 29. Nxe4 Bxb2 30. Rb1 Be5 31. Ke1 b2 32. Rh6 Kg7 33. Rh3 Bd3 34. Ng5
Qxg5 0-1